Länder der Ungarischen Krone Ungarn /

Elmentve itt :
Bibliográfiai részletek
Szerző: Steinhauser Anton
Dokumentumtípus: Cikk
Megjelent: 1872
Sorozat:Kolligátum
Kulcsszavak:Földrajz - Magyarország
Online Access:http://misc.bibl.u-szeged.hu/23994
LEADER 00552nab a2200169 i 4500
001 misc23994
005 20191111110729.0
008 170824s1872 hu o 0|| zxx d
040 |a SZTE Miscellanea Repozitórium  |b hun 
041 |a zxx 
100 1 |a Steinhauser Anton 
245 1 0 |a Länder der Ungarischen Krone   |h [elektronikus dokumentum] :  |b Ungarn /  |c  Steinhauser Anton 
260 |c 1872 
300 |a 213-270 
490 0 |a Kolligátum 
695 |a Földrajz - Magyarország 
856 4 0 |u http://misc.bibl.u-szeged.hu/23994/1/010_020_213-270.pdf  |z Dokumentum-elérés